Fruit and Vegetable in German - Statistics

General Stats
  • This quiz has been taken 31 times
  • The average score is 45 of 75
Answer Stats
Hint Answer % Correct
die Aprikose Apricot
100%
die Kokosnuss Coconut
100%
die Limette Lime
100%
die Olive Olive
100%
die Orange Orange
100%
die Melone Melon
96%
die Wassermelone Water Melon
96%
der Apfel Apple
91%
die Avocado Avocado
91%
die Banane Banana
91%
die Blaubeere Blueberry
91%
die Kiwi Kiwi
91%
die Zitrone Lemon
91%
die Mango Mango
91%
die Nektarine Nectarine
91%
die Pflaume Plum
91%
der Pfirsich Peach
87%
die Erdbeere Strawberry
87%
der Brokkoli Broccoli
83%
die Karotte Carrot
83%
die Dattel Date
78%
die Ananas Pineapple
78%
die Kartoffel Potato
78%
der Spinat Spinach
78%
der Sellerie Celery
74%
die Pampelmuse Grapefruit
74%
dieTomate Tomato
74%
die Zucchini Zucchini
74%
die Kirsche Cherry
70%
die Chili Chilli
70%
der Koriander Coriander
70%
das Radieschen Radish
70%
der Rhabarber Rhubarb
70%
die Artischocke Artichoke
65%
die Feige Fig
65%
die Zwiebel Onion
65%
der Oregano Oregano
65%
die Birne Pear
65%
die Süßkartoffel Sweet Potato
65%
die Weintraube Grape
61%
die Himbeere Raspberry
61%
das Basilikum Basil
57%
die Paprikaschote Bell Pepper
57%
der Dill Dill
57%
die Minze Mint
57%
der Rosmarin Rosemary
57%
die Gurke Cucumber
52%
die Mandarine Tangerine
52%
der Thymian Thyme
52%
dieTrüffel Truffle
52%
der Spargel Asparagus
48%
die Brombeere Blackberry
48%
der Kohl Cabbage
48%
der Knoblauch Garlic
48%
die Aubergine Aubergine
43%
die Rote Beete Beetroot
43%
der Blumenkohl Cauliflower
43%
die Kranbeere Cranberry
39%
der Pilz Mushroom
39%
die Schalotte Shallot
39%
der Kopfsalat Lettuce
35%
der Kürbis Pumpkin
35%
der Rosenkohl Brussel Sprout
26%
der Lauch Leek
26%
der Grünkohl Kale
17%
die Pastinake Parsnip
17%
die Rucola Rocket
13%
das Salbei Sage
13%
der Speisekürbis Squash
13%
die Rübe Turnip
13%
der Schnittlauch Chive
9%
die Frühlingszwiebel Scallion
9%
das Lorbeerblatt Bay Leaf
4%
die Steckrübe Swede
4%
die Preiselbeere Lingon Berry
0%
No matching quizzes found
Score Distribution
Percent of People with Each Score
Percentile by Number Answered
Your Score History
You have not taken this quiz